| 000 | 00491nam a2200169 i 4500 | ||
|---|---|---|---|
| 001 | 95205 | ||
| 003 | ES-MaACL | ||
| 005 | 20250823063051.0 | ||
| 007 | t| | ||
| 008 | 050524s1924 sp ||||1| spa d | ||
| 100 | 1 |
_aLuis André, Eloy, _d1876-1935 _974686 |
|
| 245 | 1 | 0 |
_aResumen de educación cívica, jurídica y económica / _cEloy Luis André. |
| 260 |
_aMadrid : _bRivadeneyra, _c1924. |
||
| 300 |
_a148 p. ; _c20 cm. |
||
| 852 |
_aES-MaACL _jB-5718 |
||
| 999 |
_c95205 _d95205 |
||